000 00963cam a22003257a 4500
003 CHAP
005 20220817043123.0
008 971013s1986 r 00010 d
010 _a66268
011 _a67240
035 _a76710
040 _cCHAP
082 _a582.16
_bF3
110 2 _aFAO
245 1 0 _aDatabook on endangered tree and shrub species and provenances
260 _aROME :
_bFAO,
_c1986
300 _a524 p.
490 0 _aFAO. Montes
_v; 77
590 _aBATCH-UPD
_b10
_c20130110
_lUCH01
_h0848
590 _aBATCH-UPD
_b10
_c20130410
_lUCH01
_h0521
590 _aBATCH-UPD
_b10
_c20130914
_lUCH01
_h1351
590 _aCONVERSION
_b10
_c20130109
_lUCH01
_h1336
650 1 4 _aÁrboles
_xClasificación.
_982435
650 1 4 _aMadera
_xPropiedades y usos.
_969621
650 1 4 _aPlantas
_xExtinción.
_988836
830 0 _aFAO. Montes
_v; 77
_939632
901 _aBK
942 _cLIBRO
949 _a582.16 F3
_bBC
_cFAO
_d-29566
_eFAO1
_h73188
_i76710
_si
999 _c66268
_d66268